[Event "6th Amplico AIG Life"]
[Site "Warsaw POL"]
[Date "2006.12.16"]
[Round "8"]
[White "Shkapenko,P"]
[Black "Cyborowski,L"]
[Result "0-1"]
[WhiteElo "2382"]
[BlackElo "2559"]

1.e4 d6 2.d4 Nf6 3.Nc3 e5 4.Nf3 Nbd7 5.Bc4 Be7 6.O-O O-O 7.Re1 c6 8.a4 b6
9.Bg5 a6 10.Bxf6 Bxf6 11.d5 c5 12.Ne2 g6 13.Ng3 Bg7 14.Qd3 Bh6 15.c3 Qe7
16.Rab1 Kh8 17.b4 cxb4 18.cxb4 a5 19.Bb5 axb4 20.Bc6 Nc5 21.Qd1 Bb7 22.Rxb4 Bxc6
23.dxc6 Qc7 24.Qd5 Rfc8 25.Rd1 Bf8 26.Ng5 Ra7 27.f4 h6 28.Nf3 exf4 29.Ne2 Qxc6
30.Nxf4 Qxd5 31.Nxd5 Rxa4 32.Rxb6 Rxe4 33.Nc3 Re3 34.Nd5 Rb3 35.Rxb3 Nxb3
36.Kf2 Nc5 37.Ra1 Ne4+ 38.Ke3 Nc3 39.Nb6 Re8+ 40.Kd3 Ne4 41.Ra7 Kg7 42.Nd5 Nc5+
43.Kd2 Ne4+ 44.Kd3 Nc5+ 45.Kd2 g5 46.Nd4 Kg6 47.Nc6 h5 48.Nc7 Rc8 49.Nd4 Bg7
50.Ndb5 Rb8 51.Ra2 Be5 52.h3 Ne6 53.Kd3 Nxc7 54.Nxc7 Rb4 55.Rf2 g4 56.hxg4 hxg4
57.Na6 Rd4+ 58.Ke2 Rc4 59.Kd3 Rc3+ 60.Kd2 f5 61.Nb4 Ra3 62.Nc2 Rb3  0-1

[Event "6th Amplico AIG Life"]
[Site "Warsaw POL"]
[Date "2006.12.17"]
[Round "13"]
[White "Pinski,J"]
[Black "Urban,K"]
[Result "0-1"]
[WhiteElo "2362"]
[BlackElo "2450"]

1.e4 d6 2.d4 Nf6 3.Nc3 e5 4.Nf3 Nbd7 5.Bc4 Be7 6.O-O O-O 7.Re1 c6 8.a3 b5
9.Ba2 a6 10.h3 Bb7 11.dxe5 Nxe5 12.Bf4 Qc7 13.Nd4 g6 14.Bh6 Rfe8 15.f4 Nc4
16.e5 dxe5 17.fxe5 Nxe5 18.Nf3 Nc4 19.Bxc4 bxc4 20.Qd4 c5 21.Qe5 Qxe5 22.Nxe5 Bd6
23.Nxc4 Bg3 24.Re3 Rxe3 25.Bxe3 Ne4 26.Na4 Re8 27.Rd1 Bc6 28.Nab6 Nd6 29.Bf2 Nxc4
30.Nxc4 Re2 31.Bxg3 Rxg2+ 32.Kf1 Rxg3 33.Ne5 Be4 34.Rd7 Bxc2 35.Kf2 Rg5 36.Ng4 Kg7
37.Ra7 Bd3 38.Ke3 Bf1 39.Kf4 Rh5 40.Ne3 Be2 41.Kg3 Re5 42.Kf2 Bd3 43.Rd7 Bb5
44.Ra7 Re6 45.Nd5 Re2+ 46.Kg3 Rxb2 47.Nf4 Rb3+ 48.Kg4 Rxa3 49.Ne6+ Kf6 50.Nd8 Be2+
51.Kf4 Bc4 52.Rc7 Rxh3 53.Rxc5 Be6 54.Nc6 Ra3 55.Nd4 h6 56.Nf3 g5+ 57.Ke4 Ra4+
58.Ke3 Ra3+ 59.Kf2 a5 60.Nd2 Ra2 61.Ke3 a4 62.Ne4+ Kg6 63.Ra5 Ra1 64.Ra8 Kg7
65.Nc5 a3 66.Ra7 Kf6 67.Ne4+ Kg6 68.Ra8 Kg7 69.Nc5 a2 70.Nxe6+ fxe6  0-1

[Event "IM Multicoms"]
[Site "Paris FRA"]
[Date "2006.12.19"]
[Round "7"]
[White "Tissir,M"]
[Black "Manouck,T"]
[Result "1-0"]
[WhiteElo "2490"]
[BlackElo "2342"]

1.e4 d6 2.d4 Nf6 3.Nc3 Nbd7 4.f4 e5 5.Nf3 exd4 6.Qxd4 c6 7.Be3 d5 8.exd5 Bc5
9.Qd3 Qe7 10.Nd4 Nxd5 11.Nxd5 cxd5 12.Nf5 Qf6 13.O-O-O O-O 14.g4 Re8 15.Bd4 Bxd4
16.Qxd4 Qxd4 17.Rxd4 Nb6 18.Bd3 Bxf5 19.Bxf5 Re2 20.Bd3 Rg2 21.h3 Rg3 22.g5 h6
23.gxh6 gxh6 24.Rb4 Rc8 25.Kb1 Kf8 26.a4 Rc5 27.b3 Ke7 28.f5 Kf6 29.Kb2 Kg5
30.Rh2 Kf6 31.Rh1 Kg5 32.h4+ Kf6 33.Ra1 Rc7 34.Rb5 Rh3 35.a5 Nc8 36.Rxd5 Rxh4
37.Re1 b6 38.a6 Ne7 39.Rd6+ Kg5 40.f6 Nc6 41.Bb5 Nd4 42.Re5+ Nf5 43.Rdd5 Rf4
44.Bd3 Rc5 45.Rxc5 bxc5 46.Rxc5 h5 47.Bxf5 Rxf5 48.Rc7 h4 49.Rxf7 Rxf6 50.Rxa7 h3
51.Rh7 Kg4 52.a7 Ra6 53.b4 Kg3 54.b5 Ra4 55.b6 h2 56.Rxh2  1-0

[Event "IM Multicoms"]
[Site "Paris FRA"]
[Date "2006.12.21"]
[Round "9"]
[White "Dutreeuw,M"]
[Black "Manouck,T"]
[Result "1-0"]
[WhiteElo "2384"]
[BlackElo "2342"]

1.e4 d6 2.d4 Nf6 3.Nc3 Nbd7 4.Be3 e5 5.f3 c6 6.Qd2 b5 7.g4 h6 8.O-O-O b4
9.Nce2 Qa5 10.Kb1 d5 11.Ng3 dxe4 12.Bc4 Nb6 13.Bb3 Be7 14.dxe5 Qxe5 15.Bd4 Qd6
16.fxe4 c5 17.Nf3 Bxg4 18.e5 Qd7 19.exf6 Bxf3 20.Rhe1 gxf6 21.Bxf6 O-O 22.Qxh6 Qxd1+
23.Rxd1 Bxf6 24.Qxf6  1-0

[Event "XVI Magistral Open"]
[Site "Pamplona ESP"]
[Date "2006.12.23"]
[Round "3"]
[White "Villuendas Valero,A"]
[Black "Arjona Martinez,S"]
[Result "1-0"]
[WhiteElo "2176"]
[BlackElo "1985"]

1.d4 d6 2.e4 Nf6 3.Nc3 e5 4.Nf3 Nbd7 5.g4 h6 6.g5 hxg5 7.Nxg5 exd4 8.Qxd4 Nc5
9.Bc4 Ne6 10.Bxe6 Bxe6 11.Nxe6 fxe6 12.Bg5 Be7 13.O-O-O Nd7 14.Be3 Bf6 15.Qc4 Bxc3
16.Qxc3 e5 17.Qb3 b6 18.Rhg1 Qe7 19.Qd5 Rc8 20.Qb7 O-O 21.Bh6 Nc5 22.Qd5+ Qe6
23.Rxg7+ Kh8 24.Qxe6 Nxe6 25.Rg6 Nf4 26.Rg4 Ne2+ 27.Kd2 Rxf2 28.Rh4 Nd4+
29.Kd3 Nf3 30.Be3+ Nxh4 31.Bxf2 Ng6 32.Be3 Rf8 33.Rg1 Nf4+ 34.Kd2 Kh7 35.Rf1 Kg6
36.Bxf4 exf4 37.Ke2 Rh8 38.Rxf4 Rxh2+ 39.Kd3 Rh8 40.Rf2 Re8 41.Kd4 Re5 42.b3 b5
43.Rf8 c5+ 44.Kd3 d5 45.exd5 Rxd5+ 46.Kc3 Rd6 47.Rc8 b4+ 48.Kb2 Rd5 49.Rc7 a5
50.Ra7 Kf6 51.Rxa5 Ke6 52.a4 Kd6 53.Ra6+ Kc7 54.Rh6 Kb7 55.Rh2 Kb6 56.c3 bxc3+
57.Kxc3 Rd1 58.Rh6+ Ka5 59.Rc6  1-0

[Event "44th National A ch-IND"]
[Site "Atul IND"]
[Date "2006.12.25"]
[Round "9"]
[White "Sinha,Sud"]
[Black "Koshy,V"]
[Result "0-1"]
[WhiteElo "2182"]
[BlackElo "2325"]

1.e4 d6 2.d4 Nf6 3.Nc3 e5 4.Nf3 Nbd7 5.Bc4 Be7 6.Ng5 O-O 7.Bxf7+ Rxf7 8.Ne6 Qe8
9.Nxc7 Qd8 10.Nxa8 b6 11.dxe5 Nxe5 12.Be3 Bb7 13.Nxb6 axb6 14.O-O Nc4 15.Qd4 Nxe3
16.Qxe3 d5 17.Rad1 Bc5 18.Qg5 d4 19.e5 Qa8 20.e6 Re7 21.Nb5 h6 22.Qg3 Ne4
23.Qg6 Ng5 24.h4 Be4 25.Qh5 Nxe6 26.Qg4 h5 27.Qg3 Bxc2 28.Rd2 d3 29.Nc3 Bd4
30.Re1 Bxc3 31.bxc3 Qc6 32.Rc1 Rf7 33.Rdxc2 dxc2 34.Rxc2 Qe4 35.Rb2 Rf4 36.f3 Qe3+
37.Qf2 Qxf2+ 38.Kxf2 Rxh4 39.Rxb6 Kf7 40.Rb4 Rh1 41.Rc4 Ra1 42.a4 Ra2+ 43.Kg3 g5
44.f4 Nxf4 45.Kf3 Nxg2 46.Rc5 Nh4+ 47.Ke4 Rxa4+ 48.c4 Kf6 49.Rc6+ Kg7 50.Rc5 Ra6
51.Rxg5+ Kh6 52.Rc5 Ng6 53.Kf3 Ra3+ 54.Kg2 Rc3 55.Rc8 Kg5 56.c5 Ne5 57.Rg8+ Kh4
58.Rc8 Rc2+ 59.Kf1 Kh3 60.Kg1 h4 61.Kf1 Kg3 62.Rg8+ Ng4  0-1

[Event "15th Donau Open"]
[Site "Aschach an der Donau AUT"]
[Date "2006.12.27"]
[Round "2"]
[White "Zude,E"]
[Black "Lautner,J"]
[Result "0-1"]
[WhiteElo "2425"]
[BlackElo "2245"]

1.e4 d6 2.d4 Nf6 3.Nc3 c6 4.a4 a5 5.Nf3 g6 6.h3 Bg7 7.Be3 O-O 8.Qd2 Na6 9.Bd3 Nb4
10.O-O Nxd3 11.cxd3 b6 12.Rfc1 Ba6 13.Ne2 c5 14.Ng3 e5 15.d5 Kh8 16.Ra3 Ng8
17.Rb3 Rb8 18.Nf1 Qe8 19.Ra3 f5 20.Qc2 Nf6 21.N3h2 f4 22.Bd2 g5 23.Qd1 h5
24.g4 fxg3 25.fxg3 g4 26.hxg4 hxg4 27.Ne3 Bh6 28.Nf5 Bxd2 29.Qxd2 Qg6 30.Kg2 Rb7
31.Rh1 Rh7 32.Raa1 Nxd5 33.Nxg4 Rxf5 34.exf5 Qxg4 35.Rxh7+ Kxh7 36.Rh1+ Kg8
37.Rh4 Qg7 38.Kh2 Nf6 39.Qg2 Bb7 40.Qd2 Ng4+ 41.Kh3 Bf3 42.d4 exd4 43.Qf4 Ne5
44.Rh6 Qg4+ 45.Qxg4+ Bxg4+ 46.Kh4 Bxf5 47.Rxd6 d3 48.Kh5 Nf3 49.g4 Be4 50.g5 d2
51.g6 Nd4 52.Kh6 Nf5+  0-1

[Event "15th Donau Open"]
[Site "Aschach an der Donau AUT"]
[Date "2006.12.27"]
[Round "2"]
[White "Hrzica,R"]
[Black "Pakleza,Z"]
[Result "1/2-1/2"]
[WhiteElo "2261"]
[BlackElo "2414"]

1.e4 d6 2.d4 Nf6 3.Nc3 e5 4.dxe5 dxe5 5.Qxd8+ Kxd8 6.Nf3 Bd6 7.Bg5 c6 8.O-O-O Ke7
9.g3 Be6 10.Bg2 Nd7 11.Nh4 Bc5 12.f4 h6 13.Bxf6+ Nxf6 14.Rhe1 Rhd8 15.Nf5+ Kf8
16.Na4 Bb4 17.c3 Be7 18.Nxe7 Kxe7 19.Nc5 b6 20.Nxe6 fxe6 21.f5 a5 22.Bh3 Rxd1+
23.Kxd1 Rd8+ 24.Kc2 exf5 25.exf5 Kd6 26.Bg2 Re8 27.Be4 h5 28.Kd3 h4 29.g4 Rd8
30.g5 Ke7+ 31.Kc2 Nxe4 32.Rxe4 Rf8 33.Rxe5+ Kd6 34.Re6+ Kd5 35.c4+ Kxc4 36.f6 gxf6
37.Rxc6+ Kd4 38.Rxf6 Rc8+ 39.Kd2 Rg8 40.g6 b5 41.Rf4+ Ke5 42.Rxh4 Rxg6 43.Rh5+ Kd4
44.Rxb5 Rg2+ 45.Kc1 Kc4 46.Rxa5 Rg1+ 47.Kd2 Rg2+ 48.Ke3 Rxb2 49.h4 Kb4 50.Rd5 Rxa2
51.Kf4 Kc4 52.Rd1 Kc5 53.h5 Rh2 54.Kg5 Rg2+ 55.Kf6 Rf2+ 56.Kg7 Rg2+ 57.Kh7 Kc6
58.h6 Kc7 59.Rd3 Rg1 60.Rd2 Rg3 61.Rd5 Rg1 62.Kh8 Rg2 63.Kh7 Rg1 64.Rd2 Rg3
65.Ra2 Kd7 66.Ra6 Ke7 67.Rg6 Rf3 68.Kg8 Rf8+ 69.Kg7 Rf7+ 70.Kh8 Rf1 71.Rg4 Kf7
72.Ra4 Kf8 73.Kh7 Kf7 74.Ra7+ Kf8 75.Ra8+ Kf7 76.Rb8 Rf2 77.Rb7+ Kf8 78.Rg7 Rf1
79.Kg6 Rg1+ 80.Kf6  1/2-1/2

[Event "15th Donau Open"]
[Site "Aschach an der Donau AUT"]
[Date "2006.12.27"]
[Round "3"]
[White "Szoen,D"]
[Black "Sirnik,B"]
[Result "1-0"]
[WhiteElo "2441"]
[BlackElo "2165"]

1.d4 d6 2.e4 Nf6 3.Nc3 e5 4.Nf3 exd4 5.Nxd4 Be7 6.Be2 O-O 7.O-O c5 8.Nf3 Nc6
9.Bf4 a6 10.a4 Nb4 11.Nd5 Nbxd5 12.exd5 Re8 13.c4 Nd7 14.Bd3 Nf8 15.Qc2 Bg4
16.Nd2 Bg5 17.Bxg5 Qxg5 18.Ne4 Qh6 19.h3 Bd7 20.Qc1 Qh4 21.Nxd6 Re5 22.f4 Rh5
23.Qe3 Rh6 24.Nxb7 Rb8 25.Nxc5 Bxh3 26.gxh3 Rxb2 27.Rab1  1-0

[Event "Masters"]
[Site "Singapore SIN"]
[Date "2006.12.27"]
[Round "3"]
[White "Madjidov,J"]
[Black "Nguyen Ngoc Truongson"]
[Result "0-1"]
[WhiteElo "2238"]
[BlackElo "2534"]

1.e4 d6 2.d4 Nf6 3.Nc3 e5 4.dxe5 dxe5 5.Qxd8+ Kxd8 6.Bc4 Ke8 7.Nf3 Bd6 8.h3 Nbd7
9.Be3 b6 10.O-O-O Bb7 11.Ng5 Rf8 12.Nb5 Ke7 13.f3 a6 14.Nxd6 cxd6 15.Nxf7 d5
16.Nxe5 Nxe5 17.Bxd5 Bxd5 18.exd5 Nc4 19.Bg5 h6 20.Rhe1+ Kd7 21.Bxf6 Rxf6
22.b3 Nd6 23.Rd4 Re8 24.Rxe8 Nxe8 25.c4 Rf7 26.Kd2 Nf6 27.Kc3 Re7 28.Rd2 Kd6
29.Kd4 Re1 30.b4 Nd7 31.Rc2 Rd1+ 32.Ke4 g6 33.Kf4 Re1 34.h4 Ne5 35.a3 a5
36.bxa5 bxa5 37.h5 gxh5 38.Kf5 Kc5 39.d6 Kxd6 40.f4 Nc6 41.Kg6 h4 42.Kxh6 Nd4
43.Rc3 Rg1 44.Kg5 Rxg2+ 45.Kxh4 Ke6  0-1

[Event "Masters"]
[Site "Singapore SIN"]
[Date "2006.12.27"]
[Round "4"]
[White "Gunsen,B"]
[Black "Wang Rui"]
[Result "0-1"]
[WhiteElo "2231"]
[BlackElo "2463"]

1.e4 d6 2.d4 Nf6 3.Nc3 e5 4.dxe5 dxe5 5.Qxd8+ Kxd8 6.Bg5 Be6 7.f4 exf4 8.Nge2 Nd7
9.Nxf4 Bb4 10.Bxf6+ gxf6 11.Ne2 c6 12.O-O-O Kc7 13.a3 Bd6 14.Nd4 Be5 15.g3 Rad8
16.Bg2 h5 17.Nce2 Bg4 18.Rd2 Nc5 19.Nf3 Rxd2 20.Kxd2 Bxb2  0-1

[Event "15th Donau Open"]
[Site "Aschach an der Donau AUT"]
[Date "2006.12.28"]
[Round "4"]
[White "Diermair,A"]
[Black "Lautner,J"]
[Result "0-1"]
[WhiteElo "2351"]
[BlackElo "2245"]

1.e4 d6 2.d4 Nf6 3.Nc3 c6 4.f4 g6 5.Nf3 Bg7 6.Bd3 O-O 7.O-O Bg4 8.Be3 Qb6
9.Qd2 Bxf3 10.gxf3 Nfd7 11.Ne2 e6 12.Kh1 c5 13.c3 Nc6 14.Rad1 Rad8 15.Bb1 Qa5
16.d5 exd5 17.exd5 Ne7 18.f5 Nf6 19.fxg6 hxg6 20.Nf4 Kh7 21.Rg1 Rh8 22.Ne6 fxe6
23.Bxg6+ Kg8 24.Qg2 Kf8 25.Bf7 Rh7 26.Bxe6 Qa4 27.Bg5 Qe8 28.Qc2 Qh5 29.Rg3 Re8
30.Rdg1 Nexd5 31.Rh3 Rxe6 32.Rxh5 Rxh5 33.Qg2 Ne7 34.f4 d5 35.Qf3 Rh8 36.c4 d4
37.Qxb7 Re2 38.h4 Kf7 39.Rg2 d3 40.Qf3 Rxg2 41.Kxg2 Rd8 42.h5 d2 43.Qd1 Nf5
44.Kf2 Ne4+ 45.Kf3 Rd4 46.Bd8 Neg3 47.Ba5 Rd3+ 48.Kf2 Ne3 49.Qxd2 Ne4+ 50.Ke2 Rxd2+
51.Bxd2 Nxd2  0-1

[Event "Masters 2006-7"]
[Site "Hastings ENG"]
[Date "2006.12.28"]
[Round "1"]
[White "Rendle,T"]
[Black "Rety,J"]
[Result "1-0"]
[WhiteElo "2382"]
[BlackElo "1965"]

1.e4 d6 2.d4 Nf6 3.Nc3 c6 4.Nf3 Bg4 5.h3 Bh5 6.Be3 Nbd7 7.Bd3 e5 8.Qd2 Bxf3
9.gxf3 exd4 10.Bxd4 Ne5 11.Be2 Qc7 12.f4 Ned7 13.O-O-O O-O-O 14.Bxa7 Nc5
15.Bxc5 dxc5 16.Qxd8+ Qxd8 17.Rxd8+ Kxd8 18.e5 Nd7 19.Rd1 Kc7 20.Ne4 Be7
21.Bc4 Rf8 22.Bxf7 g5 23.e6 Nb6 24.fxg5 Rd8 25.Rxd8 Kxd8 26.f4 Nc4 27.f5  1-0

[Event "XVI Magistral A"]
[Site "Pamplona ESP"]
[Date "2006.12.28"]
[Round "6"]
[White "Laznicka,V"]
[Black "Bauer,Ch"]
[Result "0-1"]
[WhiteElo "2596"]
[BlackElo "2585"]

1.e4 d6 2.d4 Nf6 3.Nc3 Nbd7 4.g4 h6 5.h3 e5 6.Bg2 c6 7.Nge2 b5 8.a3 Bb7 9.Be3 a5
10.Ng3 g6 11.f4 Bg7 12.dxe5 dxe5 13.f5 Qc7 14.Qf3 Nb6 15.b3 Nfd7 16.O-O Bf6
17.h4 O-O-O 18.g5 hxg5 19.hxg5 Be7 20.Qf2 Ba6 21.Rfc1 Kb7 22.a4 b4 23.Nd1 Rh4
24.Ne2 Rg4 25.f6 Bc5 26.c3 Qd6 27.cxb4 Bxb4 28.Ndc3 Nc5 29.Rd1 Nd3 30.Qf3 Bc5
31.Ra2 Rxg5 32.Rad2 Ne1 33.Rxd6 Nxf3+ 34.Kf2 Rxd6 35.Rxd6 Rxg2+ 36.Kxg2 Bxd6
37.Kxf3 Nd7 38.Kg4 Nxf6+ 39.Kg5 Be7  0-1

[Event "XVI Magistral Open"]
[Site "Pamplona ESP"]
[Date "2006.12.28"]
[Round "8"]
[White "Cortes Bueno,JJ"]
[Black "Strikovic,A"]
[Result "0-1"]
[WhiteElo "2314"]
[BlackElo "2535"]

1.d4 d6 2.e4 Nf6 3.Nc3 e5 4.Nf3 Nbd7 5.Be2 Be7 6.O-O O-O 7.h3 c6 8.a4 exd4
9.Nxd4 Nc5 10.Bf3 a5 11.Re1 Re8 12.Bf4 Bf8 13.Qd2 Nfd7 14.Rad1 Ne5 15.Bh5 Qb6
16.b3 g6 17.Be2 Bg7 18.Bh6 Bh8 19.f4 Ne6 20.fxe5 dxe5 21.Kh1 Nxd4 22.Bc4 Be6
23.Bxe6 Rxe6 24.Rf1 Qc7 25.Ne2 Rd6 26.Qe3 Nxc2  0-1

[Event "Rilton Cup 2006-7"]
[Site "Stockholm SWE"]
[Date "2006.12.28"]
[Round "2"]
[White "Kosmo,S"]
[Black "Nyback,T"]
[Result "0-1"]
[WhiteElo "2280"]
[BlackElo "2575"]

1.e4 d6 2.d4 Nf6 3.Nc3 e5 4.dxe5 dxe5 5.Qxd8+ Kxd8 6.Bc4 Be6 7.Bxe6 fxe6
8.Nf3 Bd6 9.b3 Nc6 10.Bb2 Ke7 11.O-O-O a6 12.h3 Rhf8 13.Rhf1 Nh5 14.Ne2 h6
15.Nh4 Ke8 16.g4 Nf4 17.Nxf4 Rxf4 18.f3 Rf7 19.c3 Ne7 20.Kd2 Kd7 21.Ke2 Kc6
22.Bc1 g5 23.Ng2 Ng6 24.Be3 Be7 25.Bf2 Rh8 26.Bg3 h5 27.Ne1 hxg4 28.hxg4 Rh3
29.Rg1 Bc5 30.Rg2 Rxg3 31.Rxg3 Nf4+ 32.Kf1 Rh7 33.Rg1 Rh2 34.Nd3 Nxd3 35.Rxd3 Bxg1
36.Kxg1 Rxa2 37.Kf1 a5 38.Ke1 Ra3 39.c4 a4  0-1

[Event "44th National A ch-IND"]
[Site "Atul IND"]
[Date "2006.12.29"]
[Round "13"]
[White "Laxman,R"]
[Black "Koshy,V"]
[Result "1/2-1/2"]
[WhiteElo "2324"]
[BlackElo "2325"]

1.e4 d6 2.d4 Nf6 3.Nc3 e5 4.Nf3 Nbd7 5.Bc4 Be7 6.O-O O-O 7.Re1 c6 8.a4 b6
9.d5 Bb7 10.dxc6 Bxc6 11.Nh4 Nxe4 12.Nxe4 Bxh4 13.Nxd6 Qf6 14.g3 Bg5 15.Nxf7 Bxc1
16.Nxe5+ Kh8 17.Nxc6 Bxb2 18.Rb1 Bc3 19.Re4 Qxf2+ 20.Kh1 Nc5 21.Rh4 g6 22.Ne7 Kg7
23.Qg4 Qf6 24.Nd5 Qe5 25.Qh3 h5 26.Qg2 Rae8 27.Rf4 Be1 28.Bd3 Nxd3 29.cxd3 Qe2
30.Qxe2 Rxe2 31.Rxf8 Kxf8 32.Nf4 Re8 33.Nxg6+ Kf7 34.Nf4 Bd2 35.Nxh5 Kg6
36.Rb5 Re1+ 37.Kg2 Ra1 38.g4 Rxa4 39.Kf3 Rd4 40.Rb3 Rb4 41.Rxb4 Bxb4 42.h4 a5
43.Nf4+ Kf7 44.Nd5 Bc5 45.Nc3 Bb4 46.Na2 Be7 47.g5 b5 48.Nc3 b4 49.Na4 b3
50.Ke2 Kg6 51.d4 Bd6 52.Kd3 Bg3 53.h5+ Kxh5 54.Nc3 Be1 55.Ne4 a4 56.Nc5  1/2-1/2

[Event "16th North American Open"]
[Site "Las Vegas USA"]
[Date "2006.12.29"]
[Round "6"]
[White "Sevillano,E"]
[Black "Rodriguez,Er"]
[Result "1-0"]
[WhiteElo "2493"]
[BlackElo "2212"]

1.e4 d6 2.d4 Nf6 3.Nc3 e5 4.Nf3 Nbd7 5.Be2 Be7 6.g4 h6 7.Rg1 c6 8.h4 d5 9.exd5 e4
10.dxc6 exf3 11.cxd7+ Bxd7 12.Bxf3 O-O 13.g5 hxg5 14.hxg5 Nh7 15.Be4 g6 16.Qd3 Re8
17.Be3 Qa5 18.Bxg6  1-0

[Event "Masters"]
[Site "Singapore SIN"]
[Date "2006.12.29"]
[Round "8"]
[White "Ji Dan"]
[Black "Wang Rui"]
[Result "1/2-1/2"]
[WhiteElo "2250"]
[BlackElo "2463"]

1.e4 d6 2.d4 Nf6 3.Nc3 e5 4.Nf3 Nbd7 5.Bc4 Be7 6.O-O O-O 7.Re1 c6 8.Bb3 Qc7
9.a4 a5 10.h3 b6 11.d5 Nc5 12.dxc6 Nxb3 13.cxb3 Qxc6 14.Bg5 Be6 15.Rc1 Qb7
16.Bxf6 Bxf6 17.Nb5 Rad8 18.Rc7 Qb8 19.Qc2 Rc8 20.Re3 d5 21.exd5 Bxd5 22.Nxe5 Bxb3
23.Qxb3 Rxc7 24.Nxc7 Qxc7 25.Qb5 Rd8 26.Re1 g6 27.Ng4 Bd4 28.Rd1 Qf4 29.Ne3 Kg7
30.Qe2 Rd6 31.g3 Qf6 32.Rd3 h5 33.b3 Re6 34.Kg2 h4 35.Qd2 Bxe3 36.Rxe3 hxg3
37.Rxe6 Qxe6 38.Qc3+ Qf6 39.Qxg3 Qd4 40.Qf3 Qc5 41.Qd3 Kf6 42.Qd8+ Ke6 43.Qe8+ Kf6
44.Qd8+ Kg7 45.Qd3 Qc6+ 46.Kg3 Qc7+ 47.Kf3 Qc5 48.Kg2 Kh6 49.Qe4 Kg5 50.Kg3 Kf6
51.h4 Kg7 52.Qc4 Qe5+ 53.Kf3 f5 54.Qc6 Qd4 55.Qc7+ Kf6 56.Qc6+ Kg7  1/2-1/2

[Event "15th Donau Open"]
[Site "Aschach an der Donau AUT"]
[Date "2006.12.30"]
[Round "6"]
[White "Diermair,A"]
[Black "Sirnik,B"]
[Result "1-0"]
[WhiteElo "2351"]
[BlackElo "2165"]

1.e4 d6 2.d4 Nf6 3.Nc3 e5 4.Nf3 exd4 5.Nxd4 Be7 6.Bf4 O-O 7.Qd2 Nc6 8.O-O-O Nxd4
9.Qxd4 Be6 10.f3 Nd7 11.Qe3 Nb6 12.g4 Qe8 13.Kb1 Bf6 14.g5 Bxc3 15.Qxc3 Qc6
16.Qxc6 bxc6 17.Bg3 a5 18.f4 f5 19.gxf6 Rxf6 20.Bg2 Rf7 21.Rhe1 Re8 22.b3 a4
23.c4 c5 24.Kc2 Nc8 25.Kc3 axb3 26.axb3 Kf8 27.e5 g6 28.Rd2 Bg4 29.Bc6 Bd7
30.e6 Bxc6 31.exf7 Rxe1 32.Bxe1 Kxf7 33.Bh4 Ke6 34.Re2+ Kd7 35.Re3 Bg2 36.Bf6 c6
37.Re2 Bf3 38.Re3 Bg2 39.Kd2 Bh1 40.Bg5 Bg2 41.Ke2 d5 42.Re5 Be4 43.Kd2 h5
44.Bh6 Nd6 45.Bf8 Nb7 46.Re7+ Kc8 47.Bg7 Nd6 48.Be5 Nf5 49.Ra7 Nh4 50.cxd5 Bxd5
51.Kc3 Nf3 52.Bd6 Nd4 53.Ra8+ Kd7 54.Bxc5 Ne2+ 55.Kd2 Nxf4 56.b4 Ke6 57.Rf8 Ng2
58.Ke2 Nh4 59.Ke3 Ng2+ 60.Kf2 Nh4 61.Bd4 Nf5 62.Rf6+ Ke7 63.Be5 Nh6 64.h3 Nf7
65.Bd4 g5 66.Rg6 Be4 67.Bc5+ Kd7 68.Rf6 Bd5 69.Kg3 Be6 70.h4 Bd5 71.hxg5 Nxg5
72.Kh4 Ne4 73.Rh6 Nxc5 74.bxc5 Bf3 75.Kg5 Kc7 76.Kf4 Bd1 77.Rh7+ Kb8 78.Ke5 Bf3
79.Kd6 Ka8 80.Rf7 Bg2 81.Kc7 Ka7 82.Rf5  1-0

[Event "Masters 2006-7"]
[Site "Hastings ENG"]
[Date "2006.12.30"]
[Round "3"]
[White "Briscoe,C"]
[Black "Rety,J"]
[Result "1-0"]
[WhiteElo "2121"]
[BlackElo "1965"]

1.e4 d6 2.d4 Nf6 3.Nc3 c6 4.Nf3 Bg4 5.Be2 e6 6.O-O Be7 7.e5 Nfd7 8.exd6 Bxd6
9.Ne4 Be7 10.c4 Nf6 11.Nc3 O-O 12.h3 Bh5 13.Qb3 Qc7 14.Bg5 Nbd7 15.Rfe1 Qb6
16.Qxb6 Nxb6 17.g4 Bg6 18.Ne5 Rfe8 19.a4 a5 20.Nxg6 hxg6 21.Be3 Nbd7 22.g5 Nh7
23.h4 Bb4 24.Red1 Nhf8 25.f4 f6 26.Kf2 Re7 27.c5 Bxc3 28.bxc3 Nb8 29.Rab1 Na6
30.Rb6 Ra7 31.Bxa6 Rxa6 32.Rxa6 bxa6 33.Rb1 Nd7 34.c4 Kf7 35.Rb7 e5 36.fxe5 Ke6
37.Rc7 Nb8 38.d5+ Kf7 39.e6+ Kf8 40.Rxe7 Kxe7 41.Bf4 cxd5 42.cxd5 Nc6 43.Bd6+  1-0

[Event "XVII Cracovia A"]
[Site "Krakow POL"]
[Date "2006.12.30"]
[Round "4"]
[White "Kalvaitis,S"]
[Black "Worek,J"]
[Result "1/2-1/2"]
[WhiteElo "2199"]
[BlackElo "2298"]

1.e4 d6 2.d4 Nf6 3.Nc3 c6 4.Nf3 Bg4 5.Be2 e6 6.Bf4 Qb6 7.Qd2 Bxf3 8.Bxf3 d5
9.O-O Bb4 10.exd5 cxd5 11.a3 Be7 12.Qd3 O-O 13.b4  1/2-1/2

[Event "Czech Christmas"]
[Site "Litomysl CZE"]
[Date "2006.12.30"]
[Round "6"]
[White "Fuchs,G"]
[Black "Vukovic,Ivo"]
[Result "1-0"]
[WhiteElo "2194"]
[BlackElo "2304"]

1.e4 d6 2.d4 Nf6 3.Nc3 c6 4.a4 e5 5.Nf3 Qc7 6.Be3 Ng4 7.Bg5 Be7 8.h3 Bxg5
9.Nxg5 Nf6 10.Bc4 O-O 11.dxe5 dxe5 12.Qf3 h6 13.h4 Qe7 14.Qg3 Nbd7 15.O-O-O Nh5
16.Qf3 Ndf6 17.Ne2 Qb4 18.Bb3 Bg4 19.Qe3 Bxe2 20.Qxe2 hxg5 21.hxg5 Qxe4 22.Qxe4 Nxe4
23.Rxh5 g6 24.Rh4 Nxg5 25.Rg4 Ne6 26.Bxe6 fxe6 27.Rxg6+ Kf7 28.Rh6 Ke7 29.Rh7+ Rf7
30.Rxf7+ Kxf7 31.Rd7+ Kf6 32.Rxb7 e4 33.Kd2 Ke5 34.a5  1-0

[Event "1st Open"]
[Site "Illes Medes ESP"]
[Date "2006.12.31"]
[Round "5"]
[White "Delchev,A"]
[Black "Lubczynski,R"]
[Result "1-0"]
[WhiteElo "2628"]
[BlackElo "2343"]

1.e4 d6 2.d4 Nf6 3.Nc3 e5 4.Nf3 Nbd7 5.Bc4 Be7 6.O-O O-O 7.Re1 c6 8.a4 a5
9.h3 h6 10.Be3 Re8 11.Ba2 Qc7 12.Nd2 Nb6 13.Qf3 Bd8 14.Nf1 Be6 15.dxe5 dxe5
16.Bxe6 Rxe6 17.Rad1 Nh7 18.Ng3 Nc4 19.Bc1 Bg5 20.Bxg5 Nxg5 21.Qe2 Nd6 22.h4 Nh7
23.Rd3 Nf8 24.Nf5 Rf6 25.Qg4 Rg6 26.Qf3 Nxf5 27.exf5 Rd6 28.Rde3 f6 29.Ne4 Rd4
30.b3 Rad8 31.g3 Qf7 32.Kg2 b6 33.Kh3 Qd7 34.Kh2 Rd1 35.Qg4 Kf7 36.Qh5+ Kg8
37.Kg2 Rxe1 38.Rxe1 Qf7 39.Qf3 Rd4 40.Qe3 Qd5 41.Kh2 b5 42.c3 Rd1 43.Rxd1 Qxd1
44.Nc5 bxa4 45.bxa4 Qc2 46.Qf3 Qd2 47.Kg2 Qd5 48.Qxd5+ cxd5 49.Nb7 Nd7 50.Nxa5 Nb8
51.Kf3 Kf7 52.Kg4 Ke7 53.Kh5 Kd6 54.Kg6 d4 55.cxd4 exd4 56.Kxg7 Kc5 57.Nb3+  1-0

[Event "Bundesliga 2006-7"]
[Site "Berlin GER"]
[Date "2007.01.02"]
[Round "7"]
[White "Kalinitschew,S"]
[Black "Muse,D"]
[Result "1-0"]
[WhiteElo "2471"]
[BlackElo "2407"]

1.d4 d6 2.e4 Nf6 3.Nc3 e5 4.Nf3 exd4 5.Nxd4 Be7 6.Nde2 Nc6 7.g3 Ne5 8.Bg2 c6
9.h3 O-O 10.a4 Re8 11.O-O Ng6 12.Kh2 a5 13.b3 Qc7 14.Be3 Bd7 15.Qd2 Rad8
16.Rad1 Bc8 17.Nd4 h6 18.f4 Bf8 19.Qf2 Nd7 20.Ndb5 cxb5 21.Nxb5 Qc6 22.e5 Qa6
23.Nc7 Qxf1 24.Bxf1 dxe5 25.f5 Ne7 26.Nxe8 Rxe8 27.Bb5 Nc6 28.g4 Nf6 29.Qg2 e4
30.Kh1 Nh7 31.Qg3  1-0

[Event "Rilton Cup 2006-7"]
[Site "Stockholm SWE"]
[Date "2007.01.02"]
[Round "6"]
[White "Bellon Lopez,JuM"]
[Black "Barhudarian,R"]
[Result "1-0"]
[WhiteElo "2438"]
[BlackElo "2259"]

1.d4 d6 2.e4 Nf6 3.Nc3 Nbd7 4.g3 e5 5.Nge2 g6 6.Bg2 Bg7 7.h3 exd4 8.Nxd4 O-O
9.O-O Re8 10.Re1 Nc5 11.a4 c6 12.a5 d5 13.exd5 Rxe1+ 14.Qxe1 Nxd5 15.Nxd5 cxd5
16.Be3 Ne6 17.Rd1 Nxd4 18.Bxd4 Bxd4 19.Rxd4 Be6 20.c4 Qf6 21.Qd2 dxc4 22.a6 Rb8
23.axb7 a5 24.Rd6 Qe7 25.Qd4 c3 26.bxc3 Qc7 27.Ra6 Rxb7 28.Bxb7 Qxb7 29.Rd6  1-0

[Event "Australian Open"]
[Site "Tuggeranong AUS"]
[Date "2007.01.02"]
[Round "5"]
[White "Selnes,H"]
[Black "Bennett,H"]
[Result "0-1"]
[WhiteElo "1968"]
[BlackElo "2104"]

1.e4 d6 2.d4 Nf6 3.Nc3 c6 4.Nf3 Bg4 5.Bc4 d5 6.exd5 cxd5 7.Bb5+ Nc6 8.O-O e6
9.h3 Bxf3 10.Qxf3 Qb6 11.Bg5 Be7 12.Rfe1 O-O 13.Bxc6 bxc6 14.Qd3 h6 15.Bf4 c5
16.Na4 Qb4 17.b3 Qxd4 18.Qxd4 cxd4 19.Be5 Rfc8 20.Re2 Nd7 21.Bxd4 e5 22.Bb2 f6
23.Rd1 Nb6 24.Nc3 d4 25.Ne4 Bb4 26.a3 Bf8 27.g4 Rc6 28.f4 Rac8 29.fxe5 fxe5
30.c4 dxc3 31.Nxc3 Rxc3 32.Bxc3 Rxc3 33.Rxe5 Bxa3 34.Kg2 Rxb3 35.Ra5 Nc4
36.Rd8+ Kh7 37.Rxa7 Ne3+ 38.Kf3 Nd5+ 39.Kg2 Nf4+ 40.Kf1 Bc5 41.Rad7 Rxh3
42.Ke1 Be3 43.Kd1 Rg3 44.Re8 Bg1 45.Re4 Rxg4 46.Rf7 Bh2 47.Re8 Nd5 48.Rb7 Nf6
49.Rf8 Be5 50.Rb5 Bd4 51.Rbb8 h5 52.Rh8+ Kg6 53.Rb4 Kg5 54.Ke2 Be5 55.Rb5 Kf4
56.Rc8 Ne4 57.Rf8+ Bf6 58.Re8  0-1

[Event "ch-NZL 2006-7"]
[Site "Wanganui NZL"]
[Date "2007.01.02"]
[Round "1"]
[White "Spain,G"]
[Black "Forster,W"]
[Result "1-0"]
[WhiteElo "2200"]
[BlackElo "2009"]

1.e4 d6 2.d4 Nf6 3.Nc3 c6 4.Nf3 Nbd7 5.e5 Nd5 6.Nxd5 cxd5 7.Bd3 dxe5 8.dxe5 Nc5
9.Be2 Bg4 10.O-O a6 11.Be3 e6 12.c3 Be7 13.h3 Bxf3 14.Bxf3 O-O 15.Re1 b5
16.Qe2 Rb8 17.Rad1 Nd7 18.Bd4 Qa5 19.a3 Rfc8 20.Bxd5 Nb6 21.Be4 Nc4 22.h4 Qc7
23.h5 a5 24.Qc2 h6 25.Qe2 b4 26.axb4 axb4 27.Bb1 Kf8 28.Qc2 Ke8 29.Qh7 Bf8
30.cxb4 Rxb4 31.Rc1 Qb8 32.Bc3 Rb6 33.b4 Nxe5 34.Qe4 Rxc3 35.Rxc3 Bxb4 36.Rce3 Bxe1
37.Rxe1 Ke7 38.Bc2 Rb2 39.Bd1 Qb6 40.Qh4+ f6 41.Rxe5 Qxf2+ 42.Qxf2 Rxf2 43.Rxe6+ Kxe6
44.Kxf2 Kf5 45.Bc2+ Kg5 46.Bg6 Kf4 47.Be8 Kg4 48.Ke3 Kg3 49.Bc6 Kg4 50.Bf3+ Kg5
51.Ke4 g6 52.hxg6 Kxg6 53.Kf4 h5 54.Be2 Kh6 55.Kf5 h4 56.Kg4 h3 57.Kxh3  1-0

[Event "Masters 2006-7"]
[Site "Hastings ENG"]
[Date "2007.01.03"]
[Round "7"]
[White "Narayanan,S"]
[Black "Tahirov,F"]
[Result "1-0"]
[WhiteElo "2141"]
[BlackElo "2545"]

1.e4 d6 2.d4 Nf6 3.Nc3 e5 4.f3 Nbd7 5.Be3 c6 6.Qd2 Qa5 7.g4 h6 8.h4 a6 9.Rh2 Be7
10.Nge2 d5 11.Ng3 dxe4 12.Ncxe4 Qxd2+ 13.Kxd2 Nxe4+ 14.Nxe4 Nf6 15.Nxf6+ Bxf6
16.dxe5 Bxe5 17.Re2 Be6 18.c3 O-O-O+ 19.Kc2 Bg3 20.Bf2 Bxf2 21.Rxf2 h5 22.g5 Bf5+
23.Kb3 Rhe8 24.Bc4 Rd7 25.Re2 Rxe2 26.Bxe2 Re7 27.Bf1 Re3 28.Ka3 Rxf3 29.Be2 Rf4
30.Rf1 Rxf1 31.Bxf1 Kc7 32.Be2 g6 33.Kb4 Kb6 34.a3 Bg4 35.Bf1 Be6 36.c4  1-0